000 00614nam a2200181Ia 4500
008 151018s9999 xx 000 0 und d
082 _bRBASDV4955
_a600
100 _aपांचपोर आचार्य
245 _aशोध व संशोधन
250 _b1
260 _bबालवाड्मय निर्मिती शिबीर
_c1961
300 _a27
600 _aपांचपोर आचार्य
630 _aशोध व संशोधन
700 _aपांचपोर आचार्य
730 _aशोध व संशोधन
942 _cBOOK
999 _c1007339
_d1007336